000 00467nam a2200145 i 4500
001 bg
100 1 _aMROZICKA JASTRZĄB, Mirosława
245 0 _aSpołeczne procesy wyboru studiów wyższych /
_cMirosława Mrozicka-Jastrząb.
260 _aWarszawa,
_c1974.
040 _cBPK
041 _apol
942 _cKS
008 s pl f |000 0 pol
856 _uhttp://koha.tu.koszalin.pl/cgi-bin/koha/opac-detail.pl?biblionumber=18964
_yKatalog online BPK
999 _c18964
_d18964